00763nam a2200253 a 4500001001300000003000900013005001700022008004100039020000900080082001700089100002700106245004200133260004300175300000900218500003500227505001000262650003100272650003300303700002700336902000800363942000700371952011600378999001500494nice12345678IN_TiNIC20260116012815.0050524s1975 dela grp 000 0 eng  ac3000a915.092bANS aAnsari, Mohammad Azhar aEuropean Travellers Under the Mughals aDelhibIdarah-I Adabiyat-I Dellic1975 a152p aincludes index and biblioraphy2 aIndex aIndia-Biography Travellers aIndia-Description and Travel1 aAnsari, Mohammad Azhar bSRS cBK 001040708StackRoom-aHMIbHMId2011-12-09g30.00l0o915.092 ANSp012423r2011-12-09v30.00w2005-05-24yBK c8455d8455